Acta Mathematica Universitatis Comenianae 58-59 Zborník Matematicko-fyzikálnej fakulty univerzity Komenského
Enregistré dans:
| Format: | Livre |
|---|---|
| Langue: | slovaque |
| Publié: |
Bratislava
Alfa
1991
|
| Édition: | 1. vyd. |
| Tags: |
Pas de tags, Soyez le premier à ajouter un tag!
|
MARC
| LEADER | 00000nam a2200000 4500 | ||
|---|---|---|---|
| 001 | c026923 | ||
| 005 | 20221214093039.2 | ||
| 041 | 0 | |a slo | |
| 044 | |a SK | ||
| 245 | 1 | 0 | |a Acta Mathematica Universitatis Comenianae 58-59 |b Zborník Matematicko-fyzikálnej fakulty univerzity Komenského |
| 250 | |a 1. vyd. | ||
| 264 | 1 | |a Bratislava |b Alfa |c 1991 | |
| 300 | |a 258 s. | ||